| 000 | 00396nam a22001697a 4500 | ||
|---|---|---|---|
| 003 | SGT | ||
| 020 | _a9788173717567 | ||
| 082 |
_a615.4 _bC12P |
||
| 100 | _aPARTHASRTHI, G | ||
| 245 | _aA TEXTBOOK OF CLINICAL PHARMACY PRACTICE | ||
| 250 | _a2nd | ||
| 260 |
_aHYDERABAD _bUNIVERSITIES PRESS _c2012 |
||
| 300 | _a580 | ||
| 650 | _aPRACTICE | ||
| 653 | _aCLINICAL PHARMACY | ||
| 942 |
_2ddc _cBK _011 |
||
| 999 |
_c22943 _d22943 |
||